| 000 | 00407nam a2200145Ia 4500 | ||
|---|---|---|---|
| 008 | 150121s9999 xx 000 0 und d | ||
| 020 | _a2094-6007 | ||
| 245 | 4 |
_aThe Lamp / _h[electronic resource] |
|
| 260 |
_bArellano University, _c2010. |
||
| 516 | _aElectronic text | ||
| 650 | _aNursing. | ||
| 830 | _aPhilippine E-Journals | ||
| 856 | _uhttp://www.ejournals.ph/index.php?journal=LAMP | ||
| 942 | _cEJ | ||
| 999 |
_c277045 _d277045 |
||